| 000 | 00659nam a2200229 a 4500 | ||
|---|---|---|---|
| 001 | 51180 | ||
| 003 | BD-RjUL | ||
| 005 | 20211209075624.0 | ||
| 008 | 160830m19541913ii a 001 0 eng d | ||
| 035 | _a(BD-RjUL)51300 | ||
| 040 |
_aBUQ _cBUQ _dEQO _dBD-RjUL _beng |
||
| 041 | _aeng | ||
| 082 |
_223 _a347.4 _bSAS 1954 |
||
| 100 | 1 |
_aSarkar, S. C. _9140355 |
|
| 245 | 1 | 0 |
_aSarkar's Court Practice and Rocedure Manual (India and Pakistan) / _cS. C. Sarkar |
| 250 | _a7th ed. | ||
| 260 |
_aCalcutta : _bSarkar, _c1954. |
||
| 300 |
_axvi, 340 p. : _bill ; _c24 cm. |
||
| 500 | _aindex | ||
| 650 |
_aCourts With Specializd jurisdiction _9153124 |
||
| 942 |
_2ddc _cBK |
||
| 999 |
_c51180 _d51180 |
||